The critical sense (Record no. 50952)
[ view plain ]
| 000 -LEADER | |
|---|---|
| fixed length control field | 00476nam a2200205Ia 4500 |
| 003 - CONTROL NUMBER IDENTIFIER | |
| control field | 0100 |
| 008 - FIXED-LENGTH DATA ELEMENTS--GENERAL INFORMATION | |
| fixed length control field | 130303s9999 xx 000 0 und d |
| 040 ## - CATALOGING SOURCE | |
| Transcribing agency | ARRUPELIB |
| 050 ## - LIBRARY OF CONGRESS CALL NUMBER | |
| Classification number | PR59.R4 |
| 100 ## - MAIN ENTRY--PERSONAL NAME | |
| Personal name | Reeves, James |
| 245 #4 - TITLE STATEMENT | |
| Title | The critical sense |
| 245 ## - TITLE STATEMENT | |
| Remainder of title | practical criticism of prose and poetry |
| 260 ## - PUBLICATION, DISTRIBUTION, ETC. (IMPRINT) | |
| Place of publication, distribution, etc | London |
| 260 ## - PUBLICATION, DISTRIBUTION, ETC. (IMPRINT) | |
| Name of publisher, distributor, etc | Heinneman |
| 260 ## - PUBLICATION, DISTRIBUTION, ETC. (IMPRINT) | |
| -- | 1956 |
| 300 ## - PHYSICAL DESCRIPTION | |
| Extent | 160p. 20cm |
| 650 ## - SUBJECT ADDED ENTRY--TOPICAL TERM | |
| Topical term following geographic name as entry element | General metaphysics |
| 700 ## - ADDED ENTRY--PERSONAL NAME | |
| Personal name | James Reeves |
| 942 00 - ADDED ENTRY ELEMENTS (KOHA) | |
| Koha issues (borrowed), all copies | 1 |
| Withdrawn status | Lost status | Source of classification or shelving scheme | Damaged status | Not for loan | Collection code | Home library | Current library | Shelving location | Date acquired | Total Checkouts | Full call number | Barcode | Date last seen | Date checked out | Copy number | Price effective from | Koha item type |
|---|---|---|---|---|---|---|---|---|---|---|---|---|---|---|---|---|---|
| Library of Congress Classification | Main Collection | ARRUPE LIBRARY | ARRUPE LIBRARY | 04/03/2013 | 1 | PR59.R4 | 46003059443 | 08/10/2013 | 01/10/2013 | 1 | 04/03/2013 | Monograph ( Printed materials) |